Brawl Stars - Brawlers faisant des dégats continus - Statistiques

Statistiques générales
  • Ce quiz a été pris 249 fois
  • Le résultat moyen est 8 sur 15
Statistiques - réponses
rareté Brawler % Correct
légendaire Corbac
95%
légendaire Ambre
81%
temporaire Buzz l'éclair
80%
mythique Byron
76%
rare El Costo
65%
légendaire Cordelius
59%
légendaire Chester
58%
légendaire Kit
57%
mythique Willow
53%
super rare Carl
50%
épique Stu
42%
épique Angelo
39%
épique Pearl
35%
mythique Eve
34%
mythique Otis
27%
Aucun quiz correspondant
Distribution des résultats
% des personnes avec chaque résultat
Percentile par nombre de réponses
Votre historique - résultats
Vous n’avez pas pris ce quiz